Normal view
MARC view
- Wedlake Bell LLP
Entry Corporate Name
001 - CONTROL NUMBER
- control field: 6105
003 - CONTROL NUMBER IDENTIFIER
- control field: OSt
005 - DATE AND TIME OF LATEST TRANSACTION
- control field: 20190806150249.0
008 - FIXED-LENGTH DATA ELEMENTS
- fixed length control field: 120814n| acannaabn |n ana d
040 ## - CATALOGING SOURCE
- Original cataloging agency: OSt
- Transcribing agency: OSt
110 2# - HEADING--CORPORATE NAME
- Corporate name or jurisdiction name as entry element: Wedlake Bell LLP
670 ## - SOURCE DATA FOUND
- Source citation: 2012 construction case law summary (January ? June), 2012